00346nam a2200145Ia 4500003000900000008004100009040001300050040001300063100003100076245005300107250001100160260001500171300000800186490000600194IT-RoPAU120407s9999 xx 000 0 und d aIT-RoPAU cIT-RoPAU aFrancesco Saverio Pancheri aLa Cresima sacramento della maturità€ cristiana aPadova aMessaggero c cm v1